OPAC | Catalogo Arcigay delle biblioteche LGBTQIA+

Il Catalogo di Arcigay delle Biblioteche LGBTQIA+ è un servizio fornito grazie alla collaborazione tra Arcigay nazionale e le associazioni locali aderenti al progetto che conservano e rendono pubbliche biblioteche a tema LGBTQIA+.

Il segreto di Luca / (Record no. 28877)

MARC details
000 -LEADER
campo di controllo lung. fissa 00745nam a22002777i 4500
001 - Numero di controllo
campo di controllo IT\ICCU\SBL\0108019
003 - Identificatore del numero di controllo
campo di controllo ItRI
005 - Data e orario dell'ultima transazione
campo di controllo 20260306175338.0
008 - Elementi di lunghezza fissa--Informazione generale
campo di controllo lung. fissa 910930s1969 it |||||| ||||| |||||c
015 ## - Numero della bibliografia nazionale
Fonte IT
Numero della bibliografia nazionale 692492
040 ## - Fonte della catalogazione
Lingua della catalogazione ita
Agenzia che fa la trascrizione NP
041 #7 - Codice di lingua
Codice di lingua del testo/traccia sonora o titolo separato ita
Fonte del codice ISO-639-2
082 ## - Numero di classificazione Decimale Dewey
Numero di classificazione 853.91
Numero dell'edizione 16
082 ## - Numero di classificazione Decimale Dewey
Numero di classificazione 853.91
Numero dell'edizione 17
100 1# - Accesso principale -- nome di persona
Nome di persona Silone, Ignazio
Numero del record di authority o numero standard IT\ICCU\CFIV\028803
Relazione: aut
240 13 - Titolo uniforme
Titolo uniforme Il segreto di Luca
9 (RLIN) Silone, Ignazio
245 13 - Formulazione del titolo
Titolo Il segreto di Luca /
Formulazione di responsabilità, ecc. Ignazio Silone.
250 ## - Formulazione di edizione
Formulazione di edizione 2. ed
260 ## - Pubblicazione, distribuzione, ecc. (stampa)
Luogo di pubblicazione, distribuzione, ecc. [Milano! :
Nome dell'editore, distributore, ecc. A. Mondadori,
Data di pubblicazione, distribuzione, ecc. 1969
300 ## - Descrizione fisica
Estensione 260 p. ;
Dimensioni 19 cm.
752 ## - Accesso aggiunto – nome gerarchico di luogo
Paese o ente maggiore it
Città Milano
830 #0 - Accesso aggiunto di serie--titolo uniforme
Titolo uniforme Oscar ;
Numero del volume/designazione di sequenza 91
Numero del record di authority o numero standard IT\ICCU\CFI\0000102
982 #1 - EQUIVALENCE OR CROSS-REFERENCE-SERIES STATEMENT--CONFERENCE OR MEETING NAME/TITLE [LOCAL, CANADA]
Collegamento z01
Nome del convegno o nome della giurisdizione come accesso n
942 ## - Dati aggiuntivi (Koha)
Fonte della classificazione o dello schema di collocazione (segnatura) Classificazione decimale Dewey
Tipo copia default (Koha) Libri
981 #1 - EQUIVALENCE OR CROSS-REFERENCE-SERIES STATEMENT--CORPORATE NAME/TITLE [LOCAL, CANADA]
Collegamento z01
Nome dell'ente o nome della giurisdizione come accesso i
Unità subordinata xxxe
Holdings
Status ritirato Status smarrito: Fonte della classificazione o dello schema di collocazione (segnatura) Status danneggiato: Escluso dal prestito Biblioteca di appartenenza Biblioteca corrente Data di acquisti Totale prestiti Collocazione Codice a barre Data ultima revisione Prezzo effettivo da Tipo copia default (Koha)
    Classificazione decimale Dewey     ROVIGO | Politropia Arcigay Rovigo APS ROVIGO | Politropia Arcigay Rovigo APS 06/03/2026   853.91 SIL SEG 11780 06/03/2026 06/03/2026 Libri
Se cerchi informazioni su Arcigay, le puoi trovare nel nostro sito: www.arcigay.it